Cinta Tanpa nikah Tanpa Cinta

Bibliographic Details
Format: Book
Published: Kuala Lumpur : Synergy Media Sdn.Bhd
Series:Siri Keintiman dalam Islam
Subjects:

MARC

LEADER 00000cam a2200000 7i4500
001 0000052701
005 20151005.0
008 151005
020 |a 9789673715282 
090 0 0 |a 306.8   |b SHA 
245 1 0 |a Cinta Tanpa nikah Tanpa Cinta 
260 |a Kuala Lumpur :   |b Synergy Media Sdn.Bhd 
300 |a 247pg. 
440 |a Siri Keintiman dalam Islam 
650 0 |a Love-Relegious aspects-Islam 
999 |a 0001245341   |b Book   |c Adult Collection   |e Cawangan Kota Tinggi 
999 |a 0001245344   |b Book   |c Adult Collection   |e Cawangan Pontian 
999 |a 0001245348   |b Book   |c Adult Collection   |e Cawangan Tangkak 
999 |a 0001245349   |b Book   |c Adult Collection   |e Cawangan Muar 
999 |a 0001245351   |b Book   |c Adult Collection   |e Cawangan Bandar Penawar